| 000 | 01432nam a2200313Ia 4500 | ||
|---|---|---|---|
| 999 |
_c4870 _d4870 |
||
| 003 | OSt | ||
| 005 | 20200519184846.0 | ||
| 008 | 191128s2006 ck fr 001 0 spa d | ||
| 020 | _a8466625127 | ||
| 040 |
_aCO-JMCR _cCO-JMCR |
||
| 041 | 1 |
_aspa _heng |
|
| 082 | 0 | 4 |
_a330 / _bL283f _223 |
| 100 | 1 |
_aLevitt, Steven D, _eautor _93967 |
|
| 245 | 1 | 0 |
_aFreakonomics / _bSteven D. Levitt y Stephen J. Dubner ; traducción de Andrea Montero |
| 250 | _a1a edición | ||
| 260 |
_aBogotá : _bEdiciones B, _c2006 |
||
| 300 |
_a250 páginas ; _c24 cm. |
||
| 490 | 0 | _aEconomía y demografía | |
| 500 | _aÍndice análitico. | ||
| 505 | 0 | _aEl lado oculto de las cosas -- ¿Qué tiene en común un maestro de escuela y un luchador de sumo? -- ¿En qué se parece el Ku Klux Klan a un grupo de agentes inmobiliarios? -- ¿Por qué continúan viviendo los traficantes de drogas con sus madres? | |
| 520 | _aSe trata de especialistas que estudian la esencia y los enigmas de la vida cotidiana y cuyas conclusiones, con frecuencia, ponen patas arriba la sabiduría convencional A través de ejemplos prácticos y de una sárcastica perspicacia. | ||
| 534 | _pFreakonomics | ||
| 546 | _aTraducido del inglés | ||
| 650 | 1 | 4 |
_aEconomía _xaspectos psicológicos _94556 |
| 650 | 1 | 4 |
_aEconomía _xaspectos sociales _94557 |
| 700 | 1 |
_aDubner, Stephen J., _eautor _94558 |
|
| 700 | 1 |
_aMontero, Andrea, _etraductora _94559 |
|
| 942 |
_2ddc _cBK |
||